| 000 | 00347pab a2200145 454500 | ||
|---|---|---|---|
| 008 | 180718b1983 xxu||||| |||| 00| 0 eng d | ||
| 100 | _aGlicknen, Morley D. | ||
| 245 | _aA counselling approach to employee burnout | ||
| 260 | _c1983 | ||
| 300 | _a222-8 | ||
| 362 | _aMar. | ||
| 650 | _aCounselling | ||
| 773 | _aPersonnel Journal | ||
| 909 | _a6812 | ||
| 999 |
_c6812 _d6812 |
||